000 00589cam a2200229 4500
001 B1820
008 090401t1981 xxu||||| |||| 00| 0 eng d
035 _a(Sirsi) u46623
041 _aeng
050 _a333.33709492
110 _aSavills
_92020
245 _aCommercial property market of the Netherlands .- Autumn 1978 - Autumn 1981
260 _aAmsterdam
_bSavills
_c1978-1981
300 _a7v. ; 30cm.
350 _a0
520 _aText in Dutch and English.
650 _aINDUSTRIAL PROPERTY
650 _aOFFICES
650 _aSHOPS
942 _n0
948 _c04/03/1997
999 _c91959
_d91959